00310nam a2200109 a 4500008004100000050001600041100002500057245005300082260004700135300000900182350000900191101203s2010 ||||||||||||||||| || u aCBU-EXT(02) aSoko, Cecilia Sibeso10aLibrary and information studies practical report aKitwebCopperbelt University Libraryc2010 a10p. a0.00